000 03008cam a2200265 4500
001 7187
008 970912s1997 hk b bs 001 0 eng
010 _a97041456
020 _a0195876660
082 0 0 _a330.95109/05
_221
100 _aLinge, Godfrey
_b
_c
_d
_eeditor
_q
245 0 0 _aChina's new spatial economy :
_bheading towards 2020 /
_cedited by Godfrey Linge ; contributors, Chen Cai ... [et al.]
260 _aHong Kong ;
_aNew York :
_bOxford University Press,
_c1997
300 _axiii, 233 p. :
_bmaps ;
_c23 cm
504 _aIncludes bibliographical references (p. [208]-220) and index
505 _a1. An Overview: Towards Sustainable Development? / Godfrey Linge -- 2. Regional Planning: Developing an Indigenous Framework / Wang Hujiong, Li Shantong and Godfrey Linge -- 3. Linking the Regions: A Continuing Challenge / Rong Chao-he, Li Wen-yan and Godfrey Linge [et al.] -- 4. The South-East: The Cutting Edge of China's Economic Reform / Noel Tracy -- 5. The Head and Tail of the Dragon: Shanghai and its Economic Hinterland / She Zhixiang, Xu Guan and Godfrey Linge -- 6. The Bohai Sea Rim: Some Development Issues / Liu Yi, Zhang Lei and Godfrey Linge -- 7. The North-East: Searching for a Way Forward / Chen Cai, Yuan Shu-ren and Wang Li [et al.] -- 8. Regional Disparities in Rural Development / Andrew Watson, Harry X. Wu and Christopher Findlay -- 9. Towards 2020: Crossing the River by Feeling the Stones / Godfrey Linge.
_g
_r
_t
520 _aThe spatial economy of China should not be seen as a single entity. In reality, as this book demonstrates, it consists of a series of increasingly diverse regions. Although these are becoming more closely linked in terms of transport and communications, each has a distinct development agenda and longer-term potential. This book analyses and illustrates the growing differences between and within the ageing north-east; the sedate region around Beijing and Tianjin; the thrusting municipality of Shanghai; the emerging Changjiang (Yangtze) Delta and Valley; the adolescent south-east; and the inchoate inland. Sweeping claims have been made about the continuing rapid economic progress of China, but it is probable that the pace of growth will be slowed by the complex and interrelated problems which the country faces. These include the burden of inefficient state enterprises, unemployment, inadequate infrastructure, the ageing population, pollution, and the growing shortages of water and energy. The authors show how these problems are affecting the various parts of China in different ways, thus adding yet another dynamic to the country's future spatial organization
651 0 _aChina
_xEconomic conditions
_y1976-
_xRegional disparities
651 0 _aChina
_xEconomic policy
_y1976-
651 4 _aChina
_xEconomic conditions
_y1976-2000
_xRegional disparities
651 4 _aChina
_xEconomic policy
_y1976-2000
700 1 _aChen, Cai
700 1 _aLinge, G. J. R
999 _c6113
_d6113